[Event "Prague Summer op-A 8th"]
[Site "Prague"]
[Date "2021.08.06"]
[Round "1"]
[White "Stillger, Bernhard"]
[Black "Angermuende, Dirk"]
[Result "1-0"]
[WhiteElo "2255"]
[BlackElo "1948"]
[PlyCount "99"]
[EventDate "2021.08.06"]
[EventType "swiss"]
[EventRounds "9"]
[EventCountry "CZE"]
[SourceTitle "CBM 203 Extra"]
[Source "ChessBase"]
[SourceDate "2021.09.30"]
[SourceVersion "1"]
[SourceVersionDate "2021.09.30"]
[SourceQuality "1"]

1. Nf3 d5 2. g3 Nf6 3. Bg2 c6 4. c4 h6 5. 0-0 Bf5 6. d3 e6 7. cxd5 exd5 8. Qb3 Qb6 9. Nc3 Be7 10. e4 dxe4 11. dxe4 Be6 12. Qc2 Na6 13. a3 Bb3 14. Qe2 Rd8 15. Nh4 0-0 16. Nf5 Bc5 17. e5 Rfe8 18. Nxg7 Kxg7 19. exf6+ Kxf6 20. Ne4+ Rxe4 21. Bxe4 Rh8 22. Bf4 Bd4 23. Rae1 Nc5 24. Bb1 Ne6 25. Be5+ Ke7 26. Bxh8 Bxh8 27. Bc2 Bd5 28. Be4 Bb3 29. Bg2 Qd4 30. Rc1 a5 31. Rc3 Qb6 32. Re3 Bd4 33. Re4 Qc5 34. Re1 Bd5 35. Rg4 Bc4 36. Qd2 Bf6 37. Qc2 Bd4 38. b3 Bb5 39. Qxc5+ Bxc5 40. a4 Bd3 41. Be4 Bb4 42. Re3 Ba6 43. Bd3 Bc5 44. Bxa6 Bxe3 45. Bxb7 Bc5 46. Bxc6 Kd6 47. Bb5 Ng5 48. Kg2 f6 49. h4 h5 50. Rf4 1-0

[Event "Hersonissos op 2nd"]
[Site "Hersonissos"]
[Date "2018.06.19"]
[Round "4"]
[White "Angermuende, Dirk"]
[Black "Fragiadakis, Emanouel"]
[Result "1-0"]
[WhiteElo "1966"]
[BlackElo "1813"]
[PlyCount "78"]
[EventDate "2018.06.17"]
[EventType "swiss"]
[EventRounds "9"]
[EventCountry "GRE"]
[SourceTitle "CBM 185 Extra"]
[Source "ChessBase"]
[SourceDate "2018.07.29"]
[SourceVersion "1"]
[SourceVersionDate "2018.07.29"]
[SourceQuality "1"]

1. e4 e5 2. Nf3 Nc6 3. d4 exd4 4. Nxd4 Bc5 5. Be3 Qf6 6. c3 Nge7 7. Be2 0-0 8. 0-0 b6 9. Qd2 Qg6 10. b4 Bxd4 11. cxd4 Bb7 12. d5 Nd8 13. Nc3 d6 14. f4 f5 15. e5 Nf7 16. e6 Nd8 17. Bf3 c6 18. dxc6 Bxc6 19. Qxd6 Qxe6 20. Qxe6+ Nxe6 21. Rae1 Rf6 22. Bxc6 Nxc6 23. Nd5 Rf7 24. Bxb6 Nxf4 25. Rxf4 axb6 26. b5 g5 27. Rc4 Na5 28. Ra4 Raa7 29. Nxb6 Rfb7 30. Nc8 Ra8 31. Re8+ Kg7 32. Re7+ Rxe7 33. Nxe7 Ra7 34. Nxf5+ Kf6 35. Nd4 Rd7 36. Rxa5 Rxd4 37. b6 Rb4 38. Ra6 Ke5 39. a4 Ke4 1-0

[Event "Gelsenkirchen Silvester op 5th"]
[Site "Gelsenkirchen"]
[Date "2017.12.27"]
[Round "1"]
[White "Natsidis, Christoph"]
[Black "Angermuende, Dirk"]
[Result "1-0"]
[WhiteElo "2345"]
[BlackElo "1960"]
[PlyCount "51"]
[EventDate "2017.12.27"]
[EventType "swiss"]
[EventRounds "5"]
[EventCountry "GER"]
[SourceTitle "CBM 182 Extra"]
[Source "ChessBase"]
[SourceDate "2018.02.23"]
[SourceVersion "1"]
[SourceVersionDate "2018.02.23"]
[SourceQuality "1"]

1. d4 e6 2. c4 Nf6 3. Nc3 Bb4 4. e3 c5 5. Nge2 Ne4 6. Qc2 d5 7. cxd5 exd5 8. Ng3 cxd4 9. exd4 0-0 10. Bd3 Re8 11. 0-0 h6 12. Ngxe4 dxe4 13. Bxe4 Qxd4 14. Be3 Qe5 15. Rad1 Nc6 16. a3 Bf8 17. b4 Bg4 18. f3 Be6 19. f4 Qb8 20. f5 Bc8 21. Bf4 Ne5 22. Bd5 Bd6 23. Qd2 Kf8 24. Bxh6 gxh6 25. Qxh6+ Ke7 26. Ne4 1-0

[Event "Cappelle op 32nd"]
[Site "Cappelle la Grande"]
[Date "2016.02.15"]
[Round "4"]
[White "Angermuende, Dirk"]
[Black "Sylvan, Jacob"]
[Result "0-1"]
[WhiteElo "2013"]
[BlackElo "2325"]
[PlyCount "54"]
[EventDate "2016.02.13"]
[EventType "swiss"]
[EventRounds "9"]
[EventCountry "FRA"]
[SourceTitle "EXT 2017"]
[Source "ChessBase"]
[SourceDate "2016.10.25"]
[SourceVersion "1"]
[SourceVersionDate "2016.10.25"]
[SourceQuality "1"]

1. e4 c5 2. c3 g6 3. g3 Bg7 4. Bg2 Nc6 5. Nf3 e5 6. 0-0 Nge7 7. d3 d5 8. Na3 0-0 9. Nc2 d4 10. c4 Rb8 11. Rb1 a6 12. a4 Bd7 13. Bd2 f5 14. Qc1 fxe4 15. dxe4 Bg4 16. Ng5 d3 17. Ne3 Nd4 18. Re1 Be2 19. Bh3 Qd6 20. b4 h6 21. bxc5 Qf6 22. Ne6 Nxe6 23. Bxe6+ Qxe6 24. Nd5 Nc6 25. f4 Nd4 26. Kg2 exf4 27. Nxf4 Qxe4+ 0-1

[Event "Prague Summer op 1st"]
[Site "Prague"]
[Date "2014.08.13"]
[Round "6"]
[White "Kovar, Vojtech"]
[Black "Angermuende, Dirk"]
[Result "1-0"]
[WhiteElo "2234"]
[BlackElo "1996"]
[PlyCount "71"]
[EventDate "2014.08.09"]
[EventType "swiss"]
[EventRounds "9"]
[EventCountry "CZE"]
[SourceTitle "CBM 162 Extra"]
[Source "ChessBase"]
[SourceDate "2014.10.17"]
[SourceVersion "1"]
[SourceVersionDate "2014.10.17"]
[SourceQuality "1"]

1. e4 e6 2. d4 d5 3. Nc3 dxe4 4. Nxe4 Bd7 5. Nf3 Bc6 6. Bd3 Nd7 7. 0-0 Ngf6 8. Ned2 Be7 9. Re1 0-0 10. c3 b6 11. Nc4 Bb7 12. Bg5 c5 13. Nfe5 cxd4 14. cxd4 Rc8 15. Re3 Nxe5 16. dxe5 Qd5 17. Rg3 Ne4 18. Bxe4 Qxe4 19. Bxe7 Rxc4 20. Bxf8 Rd4 21. Bxg7 Rxd1+ 22. Rxd1 Bd5 23. Bh6+ Kh8 24. f3 Qc4 25. Rc1 Qd4+ 26. Kh1 Bc6 27. h3 Qd5 28. Rg4 b5 29. a4 a6 30. axb5 axb5 31. b4 Qd7 32. Rc5 Qd1+ 33. Kh2 Qd7 34. Bg7+ Kg8 35. Bf6+ Kf8 36. Rg7 1-0

[Event "Guernsey op 38th"]
[Site "Guernsey"]
[Date "2012.10.21"]
[Round "1"]
[White "Angermuende, Dirk"]
[Black "Bullen, Alex"]
[Result "0-1"]
[WhiteElo "2033"]
[BlackElo "1821"]
[PlyCount "76"]
[EventDate "2012.10.21"]
[EventType "swiss"]
[EventRounds "7"]
[EventCountry "GCI"]
[SourceTitle "EXT 2013"]
[Source "ChessBase"]
[SourceDate "2012.11.22"]
[SourceVersion "1"]
[SourceVersionDate "2012.11.22"]
[SourceQuality "1"]

1. e4 c6 2. d4 d5 3. Nc3 dxe4 4. Nxe4 Bf5 5. Nc5 e5 6. Nxb7 Qb6 7. Nc5 Bxc5 8. dxc5 Qxc5 9. c3 Nf6 10. Be3 Qe7 11. b4 Nbd7 12. Nf3 0-0 13. Be2 Nd5 14. Qc1 c5 15. bxc5 Nxc5 16. 0-0 Rac8 17. Rd1 Rfd8 18. Bg5 f6 19. Bc4 Be6 20. Be3 Ne4 21. Bxd5 Bxd5 22. Rd3 Qc7 23. Qc2 Qa5 24. Bd2 Rc4 25. Rc1 Nc5 26. Re3 Be4 27. Qb2 Ra4 28. c4 Qa6 29. Qb5 Bxf3 30. gxf3 Qxb5 31. cxb5 Ne6 32. Rc2 Nd4 33. Rb2 Rb8 34. f4 exf4 35. Re7 f3 36. Be3 Ne2+ 37. Kf1 Rd8 38. Ke1 Rg4 0-1

[Event "Arber op 1st"]
[Site "Bayerisch Eisenstein"]
[Date "2012.08.19"]
[Round "2"]
[White "Angermuende, Dirk"]
[Black "Lehmann, Tornalf"]
[Result "1-0"]
[WhiteElo "1986"]
[BlackElo "1545"]
[PlyCount "111"]
[EventDate "2012.08.18"]
[EventType "swiss"]
[EventRounds "9"]
[EventCountry "GER"]
[SourceTitle "CBM 150 Extra"]
[Source "ChessBase"]
[SourceDate "2012.10.19"]
[SourceVersion "1"]
[SourceVersionDate "2012.10.19"]
[SourceQuality "1"]

1. e4 Nf6 2. Nc3 e5 3. f4 d5 4. exd5 exf4 5. Nf3 Nxd5 6. Bc4 Nxc3 7. bxc3 Bd6 8. 0-0 0-0 9. d4 c6 10. Bd3 Nd7 11. Bd2 Nf6 12. c4 Bg4 13. Qc1 Re8 14. Bxf4 Qc7 15. Ne5 Bxe5 16. Bxe5 Rxe5 17. dxe5 Qxe5 18. Qf4 Qxf4 19. Rxf4 c5 20. Re1 Be6 21. Re5 b6 22. Bf5 Bxf5 23. Rfxf5 Kf8 24. Rf4 Re8 25. Rxe8+ Kxe8 26. Kf2 Ke7 27. Ke2 g6 28. h3 Nd7 29. Re4+ Kd8 30. g4 h6 31. Ke3 Nb8 32. h4 Kd7 33. Kf4 Nc6 34. c3 Ne7 35. Ke5 Ng8 36. g5 h5 37. Rf4 Ke7 38. Rf3 Ke8 39. Kd6 f6 40. gxf6 Kf7 41. a4 Nh6 42. Kc7 Nf5 43. Rf4 Kxf6 44. Kb7 Ke5 45. Rf1 Nxh4 46. Kxa7 Nf5 47. Kxb6 h4 48. a5 Nd6 49. a6 Nc8+ 50. Kc7 Na7 51. Kb7 g5 52. Kxa7 h3 53. Kb8 g4 54. a7 g3 55. a8Q g2 56. Qd5# 1-0

[Event "Leverkusen-ch op"]
[Site "Leverkusen"]
[Date "2009.04.20"]
[Round "7"]
[White "Bigott, Martin"]
[Black "Angermuende, Dirk"]
[Result "1/2-1/2"]
[WhiteElo "1683"]
[BlackElo "1966"]
[PlyCount "25"]
[EventDate "2009.01.12"]
[EventType "swiss"]
[EventRounds "7"]
[EventCountry "GER"]
[SourceTitle "EXT 2010"]
[Source "ChessBase"]
[SourceDate "2010.11.25"]
[SourceVersion "1"]
[SourceVersionDate "2010.11.25"]
[SourceQuality "1"]

1. d4 e6 2. Nf3 f5 3. Bf4 Nf6 4. e3 b6 5. Nbd2 Bb7 6. Bd3 Be7 7. c3 0-0 8. h3 d5 9. Ne5 Nbd7 10. Qe2 Nxe5 11. Bxe5 Ne4 12. Nxe4 dxe4 13. Ba6 1/2-1/2

[Event "Leverkusen-ch op"]
[Site "Leverkusen"]
[Date "2009.03.02"]
[Round "4"]
[White "Angermuende, Dirk"]
[Black "Krauth, Alexander"]
[Result "1-0"]
[WhiteElo "1966"]
[BlackElo "2132"]
[PlyCount "101"]
[EventDate "2009.01.12"]
[EventType "swiss"]
[EventRounds "7"]
[EventCountry "GER"]
[SourceTitle "EXT 2010"]
[Source "ChessBase"]
[SourceDate "2010.11.25"]
[SourceVersion "1"]
[SourceVersionDate "2010.11.25"]
[SourceQuality "1"]

1. e4 c6 2. d4 d5 3. Nc3 dxe4 4. Nxe4 Bf5 5. Nc5 Nd7 6. Bd3 Bxd3 7. Nxd3 e6 8. Nf3 Ngf6 9. 0-0 c5 10. c3 Qc7 11. Qa4 Qc6 12. Qxc6 bxc6 13. Re1 cxd4 14. Nxd4 Rc8 15. Bf4 Be7 16. Rad1 Nd5 17. Bg3 c5 18. Nb5 a6 19. Na7 Ra8 20. Nc6 Rc8 21. c4 Rxc6 22. cxd5 exd5 23. Nf4 Nf6 24. Nxd5 Nxd5 25. Rxd5 Re6 26. Rxe6 fxe6 27. Rd2 Kf7 28. Kf1 c4 29. Rc2 Rc8 30. Be5 Bf6 31. Bxf6 Kxf6 32. Ke2 Ke5 33. Ke3 Rb8 34. Kd2 Kd4 35. Kc1 Rb7 36. Rd2+ Kc5 37. Kc2 e5 38. f3 Re7 39. Re2 Kd4 40. Re4+ Kd5 41. Kc3 Rc7 42. Re2 a5 43. Rd2+ Kc5 44. Rd8 Rb7 45. Ra8 e4 46. fxe4 Re7 47. Rc8+ Kb5 48. Rxc4 Rf7 49. Kd3 a4 50. Rc2 Kb4 51. e5 1-0

[Event "NRW Class1 0405"]
[Site "Germany"]
[Date "2004.12.12"]
[Round "4.7"]
[White "Angermuende, Dirk"]
[Black "Schaffarczyk, Andre"]
[Result "1/2-1/2"]
[WhiteElo "2035"]
[BlackElo "2114"]
[PlyCount "149"]
[EventDate "2004.10.10"]
[EventType "team"]
[EventRounds "9"]
[EventCountry "GER"]
[SourceTitle "EXT 2006"]
[Source "ChessBase"]
[SourceDate "2005.11.24"]
[SourceVersion "1"]
[SourceVersionDate "2005.11.24"]
[SourceQuality "1"]
[WhiteTeam "Gerresheim II"]
[BlackTeam "Werther"]
[WhiteTeamCountry "GER"]
[BlackTeamCountry "GER"]

1. e4 c5 2. c3 Nf6 3. e5 Nd5 4. d4 cxd4 5. Qxd4 e6 6. Nf3 Nc6 7. Qe4 f5 8. Qe2 Be7 9. c4 Nb6 10. g3 0-0 11. Bg2 d6 12. exd6 Bxd6 13. Nc3 e5 14. Bg5 Qc7 15. Nb5 Bb4+ 16. Bd2 Qe7 17. a3 Bxd2+ 18. Nxd2 Be6 19. 0-0 Rae8 20. Rac1 a6 21. c5 Nc8 22. Nc3 e4 23. b4 Qf7 24. Rfd1 Ne5 25. Rb1 Nd3 26. Rf1 Qf6 27. Nd1 Ne7 28. f3 Qd4+ 29. Qe3 Qxe3+ 30. Nxe3 Nd5 31. Nxd5 Bxd5 32. fxe4 Bxe4 33. Bxe4 fxe4 34. Rxf8+ Kxf8 35. Rb3 Ne5 36. Re3 Rd8 37. Nxe4 Rd1+ 38. Kg2 Ng4 39. Rf3+ Ke7 40. h3 Ne5 41. Rc3 Kd7 42. Kf2 Kc6 43. Ke2 Rh1 44. Nf2 Ra1 45. Ke3 Kd5 46. Ng4 Nc4+ 47. Kd3 Nxa3 48. Ne3+ Kc6 49. Nc4 Nb5 50. Rb3 Rd1+ 51. Ke3 Rd4 52. Na5+ Kc7 53. Rb2 b6 54. cxb6+ Kxb6 55. Rb3 h5 56. h4 Rg4 57. Kf2 Kc7 58. Kg2 Kd6 59. Nb7+ Kd5 60. Kf2 Kd4 61. Na5 Nd6 62. Nc6+ Kc4 63. Ra3 Kb5 64. Nb8 Ne4+ 65. Ke1 Kxb4 66. Rxa6 Nxg3 67. Ra7 Nf5 68. Nc6+ Kc3 69. Ra3+ Kb2 70. Ra5 g6 71. Ne5 Re4+ 72. Kf2 Nxh4 73. Nxg6 Nxg6 74. Rxh5 Kc3 75. Kf3 1/2-1/2

[Event "Recklinghausen op 14th"]
[Site "Recklinghausen"]
[Date "2003.08.23"]
[Round "6"]
[White "Kummerow, Heiko"]
[Black "Angermuende, Dirk"]
[Result "0-1"]
[WhiteElo "2307"]
[BlackElo "1995"]
[PlyCount "108"]
[EventDate "2003.08.18"]
[EventType "swiss"]
[EventRounds "7"]
[EventCountry "GER"]
[SourceTitle "CBM 095 Extra"]
[Source "ChessBase"]
[SourceDate "2003.09.04"]
[SourceVersion "1"]
[SourceVersionDate "2003.09.04"]
[SourceQuality "1"]

1. e4 e6 2. d4 d5 3. Nd2 Nf6 4. e5 Nfd7 5. Bd3 c5 6. c3 Nc6 7. Ne2 cxd4 8. cxd4 Qb6 9. Nf3 f6 10. exf6 Nxf6 11. 0-0 Bd6 12. Nc3 0-0 13. Be3 Bd7 14. Ne5 Rae8 15. Qd2 Qd8 16. f4 Ne7 17. Rae1 Nf5 18. Kh1 g6 19. Rf3 Bc6 20. Bf2 Bb4 21. Bxf5 exf5 22. Bh4 Ne4 23. Rxe4 Qxh4 24. Re1 Ba5 25. g3 Qf6 26. Rfe3 Bb6 27. b4 a6 28. a4 Qd6 29. b5 Bd7 30. Rb1 Ba5 31. Qa2 Be6 32. Qe2 Rc8 33. Rb3 Bf7 34. bxa6 bxa6 35. Qa2 Bxc3 36. Rexc3 Rxc3 37. Rxc3 Qb4 38. Rd3 Qe1+ 39. Kg2 Qe4+ 40. Kh3 g5 41. Qd2 Bh5 42. Re3 Bg4+ 43. Nxg4 fxg4+ 44. Kxg4 Qf5+ 45. Kf3 gxf4 46. gxf4 Qxf4+ 47. Kg2 Qf1+ 48. Kg3 Kh8 49. h4 Rg8+ 50. Kh2 Qg1+ 51. Kh3 Qg4+ 52. Kh2 Qg1+ 53. Kh3 Qh1+ 54. Qh2 Qf1+ 0-1